A cup of Buddha : (Record no. 144134)

MARC details
000 -LEADER
fixed length control field 00630nam a22002057a 4500
005 - DATE AND TIME OF LATEST TRANSACTION
control field 20170907105951.0
010 ## - LCCN (DPL NO)
LC control number ENG-119541
020 ## - INTERNATIONAL STANDARD BOOK NUMBER
International Standard Book Number 8184083246
Terms of availability 250.00
020 ## - INTERNATIONAL STANDARD BOOK NUMBER
International Standard Book Number 9788184083248
Terms of availability 250.00
035 ## - SYSTEM CONTROL NUMBER
System control number EN-103073
037 ## - SOURCE OF ACQUISITION
Source of stock number/acquisition DBAD/PUB
082 ## - DEWEY DECIMAL CLASSIFICATION NUMBER
Classification number 250
100 ## - MAIN ENTRY--PERSONAL NAME
Personal name Craig ,Thomas D.
245 ## - TITLE STATEMENT
Title A cup of Buddha :
Statement of responsibility, etc by Thomas D. Craig
Remainder of title a blueprint to truth /
260 ## - PUBLICATION, DISTRIBUTION, ETC. (IMPRINT)
Place of publication, distribution, etc New Delhi
Name of publisher, distributor, etc Indiana Publishing House
Date of publication, distribution, etc 2012
270 ## - ADDRESS
Address 2/13,Ansari Road,Daryasganj
City New Delhi
Postal code 110002
300 ## - PHYSICAL DESCRIPTION
Extent 248p.
Dimensions 23cm(pbk)
500 ## - GENERAL NOTE
General note Includes bibliographical reference
942 ## - ADDED ENTRY ELEMENTS (KOHA)
Source of classification or shelving scheme Dewey Decimal Classification
Item type English Books
Classification part 250
Call number suffix CRA
Holdings
Withdrawn status Lost status Not for loan Collection code Home library Current library Date acquired Source of acquisition Cost, normal purchase price Full call number Barcode Copy number Cost, replacement price Koha item type
    Not For Loan Non-fiction D.B.Act.Division Bawana 07/09/2017 DBAD/PUB 250.00 250 CRA EN-103073 1 250.00 English Books

© Delhi Public Library
Hit Counter
free hit counter